000 00281nam a22001337a 4500
008 171016b xxu||||| |||| 00| 0 eng d
020 _a0070043973
041 _aeng
080 _a33
100 _a52
101 _aEKO
245 _aLABOR ECONOMICS
_cBELLANTE,D
942 _2udc
_cBK
999 _c34031
_d34031